Návrh a výroba vlečného držiaka športovej kamery technológiou FDM

Enregistré dans:
Détails bibliographiques
Auteur principal: Šturcel, Roman (Auteur)
Autres auteurs: Jurina, František (Directeur de thèse)
Format: Manuscrit Livre
Langue:slovaque
Publié: 2018
Sujets:
Accès en ligne:http://is.stuba.sk/zp/portal_zp.pl?podrobnosti=123600
Tags: Ajouter un tag
Pas de tags, Soyez le premier à ajouter un tag!

MARC

LEADER 00000ntm a22000003a 4500
001 stuzp67811
003 SK-STU
005 20180820155325.2
007 ta
008 150427s2015----xo-----f-mn---000-0-slo-d
040 |a STU  |b slo 
041 0 |a slo 
100 1 |a Šturcel, Roman  |u 063000  |4 aut  |U MTF Materiálovotechnologická fakulta  |T MTF Ústav výrobných technológií  |X 80246  |U M3000  |Y 83  |7 80246 
242 0 1 |a Design and production of a sport camera trailing holder by using a FDM method  |y eng 
245 1 0 |a Návrh a výroba vlečného držiaka športovej kamery technológiou FDM 
260 |c 2018 
650 4 |a Rapid Prototyping  |2 slo 
650 4 |a Aditívna technológia  |2 slo 
650 4 |a 3D tlač  |2 slo 
650 4 |a Chasecam  |2 slo 
650 4 |a Rapid Prototyping  |2 eng 
650 4 |a Additive technology  |2 eng 
650 4 |a 3D Printing  |2 eng 
650 4 |a Chasecam  |2 eng 
700 1 |a Jurina, František  |u 063000  |k Z3  |4 ths  |U MTF Materiálovotechnologická fakulta  |T MTF Ústav výrobných technológií  |X 46002  |U M3000  |Y 83  |7 A000046002 
856 4 |u http://is.stuba.sk/zp/portal_zp.pl?podrobnosti=123600 
996 |c M* BP-8400  |l MMSKP  |s P  |a 0  |w stuzp67811_0001